00903nam a22002537a 45000010005000000030006000050050017000110080041000280200018000690400029000870500019001160820010001351000019001452450056001642600038002203000064002584900029003225050008003515200167003595210029005265210020005556500041005756500033006167506FISKH20251219081017.0250722b cb ||||| |||| 00| 0 eng d a9780859531320 aFISKHbengcFISKHdFISKH a PZ8.3 .D75345 a398.8 aStockham, Jess aDown by the station /cIllustrated by Jess Stockham aSwindon :bChild's Play , c2002. a16 unnumbered pages : bcolor illustrations ;c20 X20 cm .  aClassic Books with Holes aG  aThis illustrated version of the traditional song describes many noisy vehicles that can be seen early in the morning down by the station. Features die-cut pages. 8 a350 bLexile estimate 8 aG bRaz-Plus  aTransportationvJuvenile Literature  aTrainsvJuvenile Literature